000 00878nas a2200301 4500
001 BR0806284
003 BR-BrBNA
005 20231205112453.0
007 ta
008 230509b bl.|||p| |||| 00| 00por d
040 _aBR-BrBNA
_bpor
_cBiblioteca Nacional de Agricultura
041 _a(Pt)
072 _aF61; F02
100 1 _aSorreano, M.C.M.
100 1 _aMalavolta, E.
100 1 _aSilva, D.H. da
100 1 _aCabral, C.P.
100 1 _aRodrigues, R.R.
245 1 _aDeficiência de micronutrientes em mudas de sangra d'água (Croton urucurana, Baill.)
650 _aCROTON
650 _aPLANTA MEDICINAL
650 _aNUTRIÇÃO MINERAL
650 _aMUDA
650 _aDIAGNOSE FOLIAR
773 0 _tCerne (Brazil)
_xISSN 0104-7760
_g(Apr-Jun 2008), v. 14(2) p. 126-132
_wBR0806284
909 _a202311
_bLúcia
_c55
_dLúcia Elande
942 _2AGRIS
_n0
_cANA
999 _c198233
_d198233